000 00669nam a2200193 i 4500
001 65971
003 ES-MaACL
005 20251014063128.0
007 t|
008 040123q1908 po f |||| |bpor d
100 1 _aFunchal, Agostinho de Sousa Coutinho,
_d1866-1923,
_cMarquez do
_953020
245 1 2 _aO Conde de Linhares
_b: Don Rodrigo Domingos Antonio de Sousa Coutinho /
_cMarquez do Funchal.
260 _aLisboa :
_bBayard,
_c[1908?]
300 _a366 p., 1 lám. ;
_c24 cm.
600 1 7 _aCoutinho, Rodrigo de Sousa,
_cConde de Linhares,
_d1745-1812
_2
_9159773
852 _aES-MaACL
_jG-2544
852 _aES-MaACL
_jG-8902
999 _c65971
_d65971